LEADER 01351nam a2200301 a 4500 001 000000170057 003 CaOOAMICUS 005 20181022111443.0 008 181022s1982 it 000 u ita r 032 $aLibriCat 040 $aPUL$bita 041 $aita$hfre 082 14$a248.32 100 1 $aDaniel-Ange,$d1932-$0(OLS)http://pul/name/109429 240 13$aLe chant royal, 2. Baume est ton nom.$0(OLS)http://pul/title/210755 245 10$aBalsamo è il tuo nome :$bpregare per guarire. Verso un ministero di guarigione nel Nome di Gesù.$n2,$pIl Canto regale /$cDaniel-Ange. 260 $aMilano :$bÀncora,$c©1982. 300 $a349 p. ; $c22 cm. 504 $aBibliografia in nota a piè pagina. 650 4$aPreghiera.$0(OLS)http://pul/subject/997 740 32$aIl Canto regale/2. 850 $aPUL 852 $aPUL$W1$xDP2 Religione 3$y114$m248. 32 ANGDA 1$j192965$qDDC 21$B198269$CPULBib$Z2$F198269 $H131416 $81 996 $6082$a248.32$9(OLS)http://pul/classification/1876 996 $6245$aBalsamo è il tuo nome :$bpregare per guarire. Verso un ministero di guarigione nel Nome di Gesù.$n2,$pIl Canto regale$9(OLS)http://pul/title/210754 996 $6740$aIl Canto regale/2.$9(OLS)http://pul/title/210756 996 $6260$aMilano :$bÀncora$9(OLS)http://pul/publisher/53070 LEADER 01644nam a2200349 a 4500 001 000000175262 003 CaOOAMICUS 005 20250716095740.0 008 220602s2022 it u000 u ita r 020 $a978-88-343-5065-2* 032 $aLibriCat 040 $aPUL$bita 100 1 $aMessinese, Leonardo,$d1955-$0(OLS)http://pul/name/35125 245 13$aIl filosofo e la fede : $bil cristianesimo moderno di Gustavo Bontadini / $cLeonardo Messinese. 260 $aMilano :$bVita e pensiero,$c©2022. 300 $a165 p. ;$c22 cm 490 1 $aFilosofia. Ricerche 504 $aBibliografia in nota. 600 14$aBontadini, Gustavo,$d1903-1990.$0(OLS)http://pul/subject/9142 650 4$aFilosofia e fede.$0(OLS)http://pul/subject/39749 650 4$aCristianesimo e filosofia.$0(OLS)http://pul/subject/38697 830 0$aRicerche (Vita e pensiero). $pFilosofia.$0(OLS)http://pul/title/132743 850 $aPUL 852 $aPUL$W1$xDP1 Cons. Gen., Altre Classi 1$y22$m389 B 51$j199477$qStampati$B204196$CPULBib$Z2$F204196 $H135630 $82 852 $aPUL$W1$xDP1 Cons. Gen., Altre Classi 1$y22$m389 B 51B$j201816$qStampati$B206866$CPULBib$Z2$F206866 $H138021 $81 941 1 $a8 983 0$aFilosofia. Ricerche (Vita e Pensiero) 983 0$aV & P. Filosofia. Ricerche. 996 $6020$a978-88-343-5065-2*$9(OLS)http://pul/number/168672 996 $6245$aIl filosofo e la fede : $bil cristianesimo moderno di Gustavo Bontadini / $9(OLS)http://pul/title/216686 996 $6260$aMilano :$bVita e pensiero$9(OLS)http://pul/publisher/48016